Návaznost na jesle

Bibliographic Details
Main Author: Patloková, Jaroslava (Author)
Format: Article
Language:Czech
Subjects:

MARC

LEADER 00000nab a2200000 a 4500
001 vtls000140229
003 SK-MaSNL
005 20260304170226.0
008 160202c19821983xo 0 cze
015 |a SNBRB19rr/mm-uuuuu 
035 |a CL0150335 
040 |a SNKBUCL  |b slo  |c SNKBUCL  |e AACR2 
041 0 |a cze 
044 |a xo  |c SK 
080 |a 373.24  |2 1981 
080 |a 37.035  |2 1981 
100 1 |a Patloková, Jaroslava  |4 aut  |9 1497356 
245 1 0 |a Návaznost na jesle  |c Jaroslava Patloková 
650 0 7 |a materské školy  |2 snkbucl  |9 1278 
650 0 7 |a pracovná výchova  |2 snkbucl  |9 66811 
655 7 |a články z novín a časopisov  |2 snkbucl  |9 267496 
773 0 |t Predškolská výchova  |g Roč. 37, č. 5 (1982/1983), s. 14-15 
850 |a Slovenská národná knižnica v Martine  |a MTA001 
852 |a SNK  |b KIS3GCP 
958 |a RK 
958 |a CZ 
992 |a RBX 
999 |c 2987696  |d 2989626